Star Wars characters to actors - Statistics

General Stats
  • This quiz has been taken 601 times
    368 since last reset
  • The average score is 12 of 21
Answer Stats
Hint Answer % Correct
Han solo Harrison Ford
96%
Princess Leia Organa Carrie Fisher
91%
Luke Skywalker Mark Hamill
88%
Obiwan Kenobi (prequels) Ewan Mcgregor
85%
Mace windu Samuel L. Jackson
85%
Padme Amidala Natalie Portman
81%
Anakin Skywalker (Padawan) Hayden Christensen
74%
Qui-gon Jinn Liam Neeson
72%
Count dooku Christopher Lee
67%
Darth Vader (voice) James Earl Jones
66%
Obiwan Kenobi (original trilogy) Alec Guinness
62%
Yoda (puppeteer and voice) Frank Oz
51%
C3PO Anthony Daniels
49%
Anakin Skywalker (Child) Jake Lloyd
42%
Chewbacca Peter Mayhew
42%
Lando Calrissian (triginal trilogy) Billy Dee Williams
40%
Sabé (Imposter Padme) Keira Knightley
38%
R2D2 Kenny Baker
37%
Darth Vader (man in the suit) David Prowse
34%
Senator Bail Organa Jimmy Smits
20%
General Grievous Matthew Wood
14%
No matching quizzes found
Score Distribution
Percent of People with Each Score
Percentile by Number Answered
Your Score History
You have not taken this quiz since the last reset